000 00672nam a2200229 i 4500
001 105529
003 ES-MaACL
005 20250727033923.0
007 t|
008 060724s1952 fr ||||1| fre d
080 _a329.15
080 _a330.85
100 1 _aHunt, R. N. Carew.
_964741
245 1 0 _aThéorie et pratique du communisme /
_cpar R. N. Carew Hunt ; traduit de l'anglais par Max Petel.
260 _aParis :
_bLes Iles d'Or,
_c[1952]
300 _a306 p. ;
_c21 cm.
500 _aBiblioteca Juan Andrade.
650 7 _aComunismo
_2embne
_911211
700 1 _aPetel, Max.
_991461
852 _aES-MaACL
_jAND-328
_bR.109633
999 _c105529
_d105529